[Event "St Petersburg Korchnoi Memorial op"]
[Site "St Petersburg"]
[Date "2019.08.16"]
[Round "3"]
[White "Scheglov, Maxim"]
[Black "Skrobat, Dmitriy"]
[Result "0-1"]
[WhiteElo "1876"]
[BlackElo "1423"]
[PlyCount "96"]
[EventDate "2019.08.14"]
[EventType "swiss"]
[EventRounds "9"]
[EventCountry "RUS"]
[SourceTitle "CBM 192"]
[Source "ChessBase"]
[SourceDate "2019.10.31"]
[SourceVersion "1"]
[SourceVersionDate "2019.10.31"]
[SourceQuality "1"]

1. e4 c5 2. Nf3 Nc6 3. g3 g6 4. Bg2 Bg7 5. 0-0 e5 6. d3 Nge7 7. Be3 d6 8. a4 0-0 9. h3 f5 10. c3 f4 11. Bc1 h6 12. gxf4 exf4 13. d4 cxd4 14. cxd4 g5 15. Nc3 g4 16. hxg4 Bxg4 17. e5 dxe5 18. Qb3+ Kh8 19. dxe5 Qe8 20. Nb5 Qg6 21. Ra3 Nxe5 22. Nxe5 Bxe5 23. Re1 Nc6 24. Qd3 Bf5 25. Qf3 a6 26. Rxe5 Nxe5 27. Qxf4 axb5 28. Qxe5+ Qf6 29. Bf4 Qxe5 30. Bxe5+ Kh7 31. Rb3 Rxa4 32. Rxb5 Ra1+ 33. Kh2 Bc8 34. Be4+ Kg8 35. Bd5+ Kh7 36. Be4+ Kg8 37. f4 Re1 38. Bd5+ Kh7 39. Rb6 Re2+ 40. Kg3 Re3+ 41. Kg2 Re2+ 42. Kg3 Rd8 43. Kf3 Rxe5 44. fxe5 Rxd5 45. Kf4 Kg7 46. Ke4 Rd8 47. b4 h5 48. Rb5 h4 0-1